• 首页
  • 本馆介绍
  • 公告通知
  • 最新文献
  • 馆藏检索
  • 电子资源
  • 读者导购
  • 参考咨询
  • 我的图书馆
  • 登录
  • 详细信息显示
  • 放入我的书架
  • 预约/预借图书
  • 作者相关作品
  • 分类相关作品
  • 丛书相关作品
  • 出版社相关作品

书目信息

  • 表格格式
  • 工作单格式
  • 卡片格式
题名:
我和"二阿姨"
    
 
作者: 张万春 , 赵志强 著
分册:  
出版信息: 上海   少年儿童出版社  1983
页数: 79页
开本: 17cm
丛书名:
单 册:
中图分类: I286.5
科图分类:
主题词: 儿童文学-革命故事--中国--现代 , 革命故事-儿童文学--中国--现代
电子资源:
ISBN:
000 00703nam0 2200253 45
001 0183010514
005 20060804103608.64
010    @dCNY0.40
091    @aCN@bR10024.4146
100    @a19950414d1983 demy0chiy0121 ea
101 0  @achi
102    @aCN@b310000
105    @ay z 000fy
200 10 @a我和"二阿姨"@Awo he er a yi@f赵志强,张万春著
210    @a上海@c少年儿童出版社@d1983
215    @a79页@d17cm
606    @a儿童文学-革命故事@y中国@z现代
606    @a革命故事-儿童文学@y中国@z现代
690    @aI286.5@v3
701  0 @a张万春@Azhang wan chun@4著
701  0 @a赵志强@Azhao zhi qiang@4著
801  0 @aCN@bTSSF@c20060804
801  2 @aCN@bNLC@c20060721
905    @a10447@dI286.5@e52
    
    我和"二阿姨"/赵志强,张万春著.-上海:少年儿童出版社,1983
    79页;17cm
    
    
    ISBN :CNY0.40
    
●
相关链接 在E读中查询图书 在五车中查询图书 在当当中查询图书 在豆瓣中查询图书


正题名:我和"二阿姨"     索取号:I286.5/52         预约/预借

序号 登录号 条形码 馆藏地/架位号 状态 备注
1 0427032   204270323   密集书库/ [索取号:I286.5/52] 在馆    
2 0429293   204292933   密集书库/ [索取号:I286.5/52] 在馆    
3 0429294   204292942   密集书库/ [索取号:I286.5/52] 在馆    
唐山师范学院图书馆 欢迎您!
大连网信软件有限公司© 版权所有